000 02697cam a2200685 4500
001 22363
003 VRT
005 20260326153727.0
008 210624s2018 xo o g 001 0 slo
015 _aSNBA2019
020 _a9788080972486
_q(viazané)
035 _aurn:nbn:sk:snk-am00e96x
035 _aurn:nbn:sk:snk-am3igb6
035 _a43E29AFE-A7C3-4410-9700-F9FF59F13C8D
039 9 _a202106241119
_bVLOAD
_c202102090830
_dVLOAD
_c202102081046
_dVLOAD
_c201907241149
_dcsnk01
040 _aSVKBB
_bslo
_cSVKBB
_dSNK
_erda
041 1 _aslo
_kger
_heng
044 _axo
_cSK
072 7 _a613
_xHygiena. Ľudské zdravie
_2konspekt
080 _a613
_22011
080 _a613:304.3
_22011
080 _a613.2
_22011
080 _a616-092.19
_22011
080 _a(0.062)
_22011
240 1 0 _aStrengthen Your Immune System
_lSlovensky
245 0 0 _aAko na silný imunitný systém
_cz nemeckého vydania So stärken Sie Ihr Immunsystem ... preložila Jana Bertóková
246 1 _aNa prednej strane obálky:
_aNeoceniteľné rady, ako žiť a čo jesť, aby ste sa vyhli chorobám
250 _aPrvé vydanie
264 1 _aBratislava
_bTarsago Slovensko, s.r.o.
_c2018
300 _a303 strán
_bfotografie
_c28 cm
336 _atext
_btxt
_2rdacontent
336 _astatický obraz
_bsti
_2rdacontent
337 _abez média
_bn
_2rdamedia
338 _azväzok
_bnc
_2rdacarrier
490 1 _aReader's Digest
_v261
500 _aNemecké vydanie So stärken Sie Ihr Immunsystem bolo pripravené na základe aktualizovaného (2016) anglického originálu tejto publikácie Strengthen Your Immune System
504 _aObsahuje register a zoznam vyobrazení
650 0 7 _aživotospráva
_2SNKPH
650 0 7 _aHealth behavior
_2SNKPHeng
650 0 7 _azdravý životný štýl
_2SNKPH
650 0 7 _aHealthy lifestyle
_2SNKPHeng
650 0 7 _azdravá výživa
_2SNKPH
650 0 7 _aHealthy eating
_2SNKPHeng
650 0 7 _aimunitný systém
_2SNKPH
650 0 7 _aImmune system
_2SNKPHeng
650 0 7 _astarostlivosť o zdravie
_2SNKPH
650 0 7 _aHealth care
_2SNKPHeng
655 7 _apopulárno-náučné publikácie
_2SNKPH
655 7 _aPopular works
_2SNKPHeng
700 1 _aBartóková, Jana
_4trl
765 0 8 _iNázov nemeckého prekladu:
_tSo stärken Sie Ihr Immunsystem
830 0 _aReader's Digest
910 _asnk
942 _2ddc
_cKLDO
_n0
949 _617A1360714
_asnkSB 93894
_bsnk2019/5913
_o2778/2018
_s6100:20190725
949 _617A1360715
_asnkSB 93894 D1
_bsnk2019/5916
_o2778/2018
949 _62889344306
_asavukPV 27478
_bsavuk2019/149
949 _6273K0641799
_asvkpoC 59688
_bsvkpo633811
949 _6270001000600071
_asvkbbC 63497
_bsvkbbm 781091
999 _c22363
_d22363